Members of the Neverseen (Keeper of the Lost Cities) - Statistics

General Stats
  • This quiz has been taken 264 times
  • The average score is 10 of 13
Answer Stats
Ability Status Member % Correct
Pyrokinetic Dead Brant
96%
Pyrokinetic Former Fintan
93%
Vanisher Dying Alvar
88%
Polyglot Former Gisela
85%
Psionipath Member Ruy
83%
Shade Dead Umber
83%
Telepath Member Gethen
77%
Empath/Polyglot Former Keefe
74%
Shade Former Tam
74%
Flasher Former Glimmer
65%
Guster Member Trix
65%
Empath Dead Vespera
63%
Conjurer Dead Jolie
40%
No matching quizzes found
Score Distribution
Percent of People with Each Score
Percentile by Number Answered
Your Score History
You have not taken this quiz